00593nam a2200193Ia 4500008004100000020001800041082000800059100001600067245002700083250000600110260002900116300001600145500002400161650001000185942000700195952009000202952009000292999001700382230524s9999 xx 000 0 und d a9788131791073 bNEV aA.M.Neville 0aProperties of Concrete a1 aNew DelhibPearsonc2016 a"XIV,799p;" aQuantity Number: 2 aCivil cBK 00104070aTATCLbTATCLcGENd2023-05-24l0o NEVp53958r2023-05-24w2023-05-24yBK 00104070aTATCLbTATCLcGENd2023-05-24l0o NEVp53983r2023-05-24w2023-05-24yBK c56583d56583